Tilastot visalle Sanat: "Muotitietoinen" - Leevi and the Leavings

Klikkaa tästä pelataksesi tätä visaa!

Yleistilastot

  • Tätä visaa on pelattu 52 kertaa
  • Keskiarvotulos 46 / 67

Vastaustilastot

Answermun% Oikein
olen
100%
olin
100%
muotitietoinen
98%
Muotitietoinen
98%
95%
Minä
93%
sen
93%
huomaa
91%
Ja
91%
ja
91%
kun
91%
Kun
91%
Nyt
91%
tytötkin
86%
en
84%
ennen
84%
ennen
84%
Oli
80%
rahojani
80%
koulussa
77%
kaikilla
75%
Mua
75%
mua
75%
sellaiset
75%
tuhlannut
75%
kiusattiin
73%
minäkin
73%
muutenkin
73%
ostin
73%
mauton
70%
mun
70%
rikkoi
70%
rillit
70%
jamekset
68%
Joten
66%
alhaalta
64%
Pojat
64%
Ylhäältä
64%
kavereilla
61%
pillit
61%
saan
61%
veti
61%
auton
59%
kaikkein
57%
kauneimmat
57%
leveät
57%
oman
57%
tekevät
57%
turpiin
57%
vaatteet
57%
valitsen
57%
Heistä
55%
popparin
55%
vain
55%
huomata
52%
itsekin
52%
juoksevat
52%
kanssa
52%
Kuinka
52%
naiset
52%
perässäni
52%
ajelen
50%
Joiden
48%
pelle
43%
Tuntuu
43%
ihanalta
34%
pylgreemiin
32%

Tulosjakauma

Persentiili vastausten määrän mukaan

Jokaisen tuloksen saaneiden osuus

Tuloshistoriasi

Et ole pelannut tätä visaa